| 000 | 00504nam a2200169 4500 | ||
|---|---|---|---|
| 001 | 112229 | ||
| 003 | ES-MaACL | ||
| 005 | 20230906185458.0 | ||
| 007 | t| | ||
| 008 | 061121s1968 sp r ||||1| spa d | ||
| 100 | 1 |
_aNichols, Beverley. _985536 |
|
| 245 | 1 | 3 |
_aUn caso de servidumbre humana / _cBeverley Nichols; traducción, Josefina Guerrero. |
| 260 |
_aBarcelona : _bPlaneta, _c1968. |
||
| 300 |
_a209 p. ; _c19 cm. |
||
| 700 | 1 |
_aGuerrero, Josefina. _960555 |
|
| 852 |
_aES-MaACL _jC-51533 _bR.65610 |
||
| 999 |
_c112229 _d112229 |
||